Top 10 NBA Centres - Statistics

General Stats
  • This quiz has been taken 14 times
  • The average score is 8 of 10
Answer Stats
Hint Answer % Correct
Milwaukee BucksLos Angeles Lakers Kareem Abdul-Jabbar
100%
Orlando MagicLos Angeles Lakers Miami Heat Phoenix Suns Cleveland Cavaliers Boston Celtics Shaquille O'Neal
100%
Philadelphia WarriorsPhiladelphia 76ers Los Angeles Lakers Wilt Chamberlain
100%
Boston Celtics Bill Russell
92%
San Antonio Spurs David Robinson
92%
Utah Stars
Spirits of St. Louis
Buffalo Braves Houston Rockets Philadelphia 76ers Washington Bullets Atlanta Hawks Milwaukee Bucks San Antonio Spurs
Moses Malone
67%
New York KnicksSeattle Supersonics Orlando Magic Patrick Ewing
67%
Houston RocketsToronto Raptors Akeem Olajuwon
58%
Orlando MagicLos Angeles Lakers Houston Rockets Atlanta Hawks Charlotte Hornets Washington Wizards Philadelphia 76ers Dwight Howard
58%
Buffalo Braves
New York Knicks Boston Celtics Detroit Pistons New Jersey Nets
Los Angeles Lakers Philadelphia 76ers
Bob McAdoo
42%
No matching quizzes found
Score Distribution
Percent of People with Each Score
Percentile by Number Answered
Your Score History
You have not taken this quiz